Applied regression analysis (Record no. 11777)
[ view plain ]
| 000 -LEADER | |
|---|---|
| fixed length control field | 00461cam a22001811 4500 |
| 020 ## - INTERNATIONAL STANDARD BOOK NUMBER | |
| ISBN | 0471221708 |
| 020 ## - INTERNATIONAL STANDARD BOOK NUMBER | |
| ISBN | 9780471221708 |
| 040 ## - CATALOGING SOURCE | |
| Transcribing agency | DLC |
| 082 ## - DEWEY DECIMAL CLASSIFICATION NUMBER | |
| Classification number | 519 WIL 1996 A030 Or. |
| 100 1# - MAIN ENTRY--AUTHOR NAME | |
| Personal name | Draper, Norman Richard. |
| 245 10 - TITLE STATEMENT | |
| Title | Applied regression analysis |
| 260 ## - PUBLICATION, DISTRIBUTION, ETC. (IMPRINT) | |
| Place of publication | New York, |
| Name of publisher | Wiley |
| Year of publication | [1966] |
| 300 ## - PHYSICAL DESCRIPTION | |
| Number of Pages | ix, 407 p. |
| Other physical details | illus. |
| Dimensions | 24 cm. |
| 650 #0 - SUBJECT ADDED ENTRY--TOPICAL TERM | |
| Topical Term | Regression analysis. |
| 650 #2 - SUBJECT ADDED ENTRY--TOPICAL TERM | |
| Topical Term | Statistics as Topic. |
| 700 1# - ADDED ENTRY--PERSONAL NAME | |
| Personal name | Smith, Harry, |
| 942 ## - ADDED ENTRY ELEMENTS (KOHA) | |
| Koha item type | សៀវភៅភាសាអង់គ្លេស |
| 952 ## - LOCATION AND ITEM INFORMATION (KOHA) | |
| Withdrawn status [LOCAL, KOHA] | 0 |
| Permanent Location | Date acquired | Koha item type | Lost status | Shelving location | Barcode | Current Location | Full call number |
|---|---|---|---|---|---|---|---|
| Library Block A | 2017-08-07 | សៀវភៅភាសាអង់គ្លេស | A030 | A13921 | Library Block A | 519 WIL 1996 A030 Or. |